Lord of the Rings Men of Gondor by Picture - Statistics

General Stats
  • This quiz has been taken 55 times
  • The average score is 6 of 9
Answer Stats
Picture Answer % Correct
Aragorn
100%
Boromir
100%
Faramir
98%
Denethor
93%
Isildur
93%
Elendil
78%
Eldarion
40%
Imrahil
22%
Madril
20%
No matching quizzes found
Score Distribution
Percent of People with Each Score
Percentile by Number Answered
Your Score History
You have not taken this quiz